L'Espagne en 1810 (Record no. 139650)

MARC details
000 -LEADER
campo de control de longitud fija 00755nam a2200205 4500
001 - NÚMERO DE CONTROL
campo de control 139650
003 - IDENTIFICADOR DE NÚMERO DE CONTROL
campo de control ES-MaACL
005 - FECHA Y HORA DE LA ÚLTIMA TRANSACCIÓN
campo de control 20230906195850.0
007 - CAMPO FIJO DE DESCRIPCIÓN FÍSICA--INFORMACIÓN GENERAL
campo de control de longitud fija t|
008 - DATOS DE LONGITUD FIJA--INFORMACIÓN GENERAL
campo de control de longitud fija 070214s1905 sp r ||||1| spa d
080 ## - NÚMERO DE LA CLASIFICACIÓN DECIMAL UNIVERSAL
Número de la Clasificación Decimal Universal 355 Blayney, Andrew Thomas
080 ## - NÚMERO DE LA CLASIFICACIÓN DECIMAL UNIVERSAL
Número de la Clasificación Decimal Universal 355.48(460)"1808/14"(093.3)
100 1# - ENTRADA PRINCIPAL--NOMBRE DE PERSONA
Nombre de persona Blayney, Andrew Thomas (
Fechas asociadas al nombre 1770-1834)
9 (RLIN) 148952
245 12 - MENCIÓN DEL TÍTULO
Título L'Espagne en 1810
Resto del título : souvenirs d'un prisonnier de guerre anglais : d'après les documents d'archives et les mémoires /
Mención de responsabilidad, etc. Albert Savine.
260 ## - PUBLICACIÓN, DISTRIBUCIÓN, ETC.
Lugar de publicación, distribución, etc. Paris :
Nombre del editor, distribuidor, etc. Louis-Michaud,
Fecha de publicación, distribución, etc. 1905.
300 ## - DESCRIPCIÓN FÍSICA
Extensión 188 p. ;
Dimensiones 19 cm.
651 #4 - PUNTO DE ACCESO ADICIONAL DE MATERIA--NOMBRE GEOGRÁFICO
Nombre geográfico España-
Subdivisión general Historia-
Subdivisión cronológica 1808-1814, Guerra de la Independencia-
Subdivisión de forma Relatos personales.
9 (RLIN) 138809
700 0# - ENTRADA AGREGADA--NOMBRE PERSONAL
Nombre de persona Savine, Albert.
9 (RLIN) 104073
852 ## - LOCALIZACIÓN
Ubicación ES-MaACL
Número de control de estantería C-11
Holdings
Estatus retirado Estado de pérdida Estado de daño No para préstamo Biblioteca de origen Biblioteca actual Ubicación en estantería Fecha de adquisición Fuente de adquisición Total de préstamos Signatura topográfica completa Código de barras Visto por última vez Precio de reemplazo Tipo de ítem Koha
        Biblioteca del Ateneo de Madrid Biblioteca del Ateneo de Madrid Sala Palomar 17/01/2008     C-11 1145328 23/02/2023 23/02/2023 Libro impreso